000
00260nam a2200109Ia 4500
008
190216s9999||||xx |||||||||||||| ||und||
100
_a
"Julius Lunt, Arther H Ripley"
245
0
_a
Manual Of Cost Accounts
260
_b
Null
_c
1946
300
_a
250p
942
_c
BK
999
_c
4445
_d
4445